=LDR 00000nam 2200000 4500 =001 INLIS000000000033673 =005 20130612135620 =008 ***********************************ind** =035 ##$$0010-061300000033673 =041 ##$$a ind =082 ##$$a 778 =090 ##$$a 778, Nug,d =100 ##$$a Nugraha,Dindin =245 ##$$a Digibook, Kiat Mudah Membuat Album Foto Digital, Dindin Nugraha =260 ##$$a 2007 $b Jakarta =300 ##$$a ix,173 hlm., Illus., 21 cm =650 ##$$a Fotografi Digital =850 ##$$a NBPNMAT